00410 2200169 4500001002100000005001500021035002000036245002500056100001400081250001000095300004000105260003400145082000800179084001400187020001900201990002000220INLIS00000000000535820260211074118 a0010-02260000381 aSagaras /cTere Liye0 aLiye Tere aCet.1 a384 hlm, :bilus ;c13,1 x 19,8 cm. aJakarta; :bSabakgrip,c2023. a813 a813 LIY s a978623972625-6 a16280/P/BL/2026